000 00474nam a22001697a 4500
005 20160105063553.0
008 150602b xxu||||| |||| 00| 0 eng d
041 0 _aeng
080 _2572
100 1 _aBrown, Peter
245 0 0 _aApplying cultural anthropology :
_c[edited by] Aaron Podolefsky, Peter J. Brown.
250 _a5th. ed.
300 _axv, 316 f. :
_bme il .;
_c28 cm.
650 0 _aKultura
650 0 _aAntropologjia
942 _2udc
_cBK
999 _c961
_d961